Joe Biden quiz - Statistics

General Stats
  • This quiz has been taken 84 times
  • The average score is 9 of 12
Answer Stats
Hint Answer % Correct
Biden was the vice president of… Barack Obama
100%
Famous candidate he won against Donald Trump
100%
Political party Democratic
99%
Wife of Biden Jill Biden
90%
Birth state Pennsylvania
85%
Second son of Biden Hunter Biden
76%
War Biden had multiple draft deferments from Vietnam War
72%
University Biden went to in 1965 University of Delaware
68%
Middle name Robinette
65%
Presidents before Biden 45
51%
Birth state of the above New Jersey
26%
Dog breed of the family pets German Shepard
22%
No matching quizzes found
Score Distribution
Percent of People with Each Score
Percentile by Number Answered
Your Score History
You have not taken this quiz